000 00472nam a2200157Ia 4500
008 230917s9999||||xx |||||||||||||| ||und||
040 _e166733
_aMAIN
041 _aEnglish
082 _a891.431721 SR19H
100 _aसहाय, रधुबीर
245 0 _aहँसो हँसो जल्दी हँसो
250 _aद्वितीय ed.
260 _aनई दिल्ली
_bनेशनल
_c1979
300 _a80 पृ. p.
942 _cHN
999 _c226781
_d226781